OPAC Home

බ්‍රිතාන්‍ය අධිරාජ්‍යයයේ ඉතිහාසය (Record no. 94928)

MARC details
000 -LEADER
fixed length control field 00528nam a2200169Ia 4500
003 - CONTROL NUMBER IDENTIFIER
control field LK-CoDNM
008 - FIXED-LENGTH DATA ELEMENTS--GENERAL INFORMATION
fixed length control field 010623t1929 xxu||||| |||| 00| 1 sin d
040 ## - CATALOGING SOURCE
Original cataloging agency LK-CoDNM
Modifying agency LK-CoDNM
Description conventions LK-CoDNM
041 ## - LANGUAGE CODE
Language code of text/sound track or separate title Sinhala; Sinhalese
080 ## - UNIVERSAL DECIMAL CLASSIFICATION NUMBER
Universal Decimal Classification number 104 CC.12
942 ## - ADDED ENTRY ELEMENTS (KOHA)
Koha item type Books
100 ## - MAIN ENTRY--PERSONAL NAME
Personal name Amarasuriya,L.B.P
245 ## - TITLE STATEMENT
Title බ්‍රිතාන්‍ය අධිරාජ්‍යයයේ ඉතිහාසය
246 ## - VARYING FORM OF TITLE
Title proper/short title History of the British Empire
260 ## - PUBLICATION, DISTRIBUTION, ETC. (IMPRINT)
Name of publisher, distributor, etc. Christian Literature Siciety
Place of publication, distribution, etc. Colombo
Date of publication, distribution, etc. 1929
300 ## - PHYSICAL DESCRIPTION
Other physical details XVIII,223p., 20 cm

No items available.

Copyright © 2023 Department of National Museum, Colombo 07, Sri Lanka Funded by UNESCO IFAP UNESCO